[Event "Oberliga Ost-B 1011"]
[Site "Germany"]
[Date "2010.11.13"]
[Round "2.7"]
[White "Preiss, Veronika"]
[Black "Henzner, Reiner"]
[Result "1/2-1/2"]
[WhiteElo "1994"]
[BlackElo "2066"]
[PlyCount "64"]
[EventDate "2010.10.24"]
[EventType "team-tourn"]
[EventRounds "11"]
[EventCountry "GER"]
[SourceTitle "EXT 2012"]
[Source "ChessBase"]
[SourceDate "2011.11.24"]
[SourceVersion "1"]
[SourceVersionDate "2011.11.24"]
[SourceQuality "1"]
[WhiteTeam "Hungen Lich"]
[BlackTeam "Oberursel"]
[WhiteTeamCountry "GER"]
[BlackTeamCountry "GER"]

1. e4 c6 2. d4 d5 3. e5 c5 4. c3 Nc6 5. f4 cxd4 6. cxd4 e6 7. Nf3 Nge7 8. Bd3 Bd7 9. Nc3 a6 10. Be3 g6 11. 0-0 Nf5 12. Bf2 h5 13. Rc1 Be7 14. Qd2 Rc8 15. Bxf5 gxf5 16. Ne1 Na5 17. Nd3 b5 18. Nc5 Bxc5 19. dxc5 b4 20. Nb1 b3 21. a3 Nc4 22. Qc3 Bc6 23. Rfd1 Rg8 24. Bd4 Qa5 25. Qxb3 Rg4 26. Qf3 Ke7 27. h3 Rg6 28. b4 Qc7 29. Nc3 Rcg8 30. Rc2 Nxa3 31. Ra2 Nb5 32. Nxb5 Bxb5 1/2-1/2

[Event "Frankfurt-ch"]
[Site "Frankfurt"]
[Date "2010.05.17"]
[Round "4"]
[White "Henzner, Reiner"]
[Black "Makilla, Tobias"]
[Result "1-0"]
[WhiteElo "2082"]
[BlackElo "1897"]
[PlyCount "49"]
[EventDate "2010.04.26"]
[EventType "swiss"]
[EventRounds "7"]
[EventCountry "GER"]
[SourceTitle "EXT 2011"]
[Source "ChessBase"]
[SourceDate "2010.11.26"]
[SourceVersion "1"]
[SourceVersionDate "2010.11.26"]
[SourceQuality "1"]

1. e4 e5 2. Nf3 Nc6 3. Bb5 a6 4. Ba4 Nf6 5. d4 exd4 6. 0-0 b5 7. Bb3 Nxe4 8. Re1 d5 9. Nxd4 Nxd4 10. Qxd4 Be6 11. c4 bxc4 12. Ba4+ Ke7 13. f3 c5 14. Qe3 Nf6 15. Qxc5+ Qd6 16. Qd4 g6 17. b3 Rb8 18. Ba3 Rb4 19. bxc4 Bg7 20. Qa7+ Nd7 21. Bxd7 Bxa1 22. Bxe6+ Kf6 23. Qxf7+ Kg5 24. Bc1+ Kh5 25. Bg4+ 1-0

[Event "Frankfurt-ch"]
[Site "Frankfurt"]
[Date "2008.05.19"]
[Round "3"]
[White "Reschke, Thomas"]
[Black "Henzner, Reiner"]
[Result "1-0"]
[WhiteElo "2226"]
[BlackElo "2094"]
[PlyCount "57"]
[EventDate "2008.04.28"]
[EventType "swiss"]
[EventRounds "7"]
[EventCountry "GER"]
[SourceTitle "EXT 2009"]
[Source "ChessBase"]
[SourceDate "2008.11.26"]
[SourceVersion "1"]
[SourceVersionDate "2008.11.26"]
[SourceQuality "1"]

1. c4 Nf6 2. Nc3 e5 3. a3 a5 4. g3 Be7 5. Bg2 0-0 6. e3 Re8 7. Nge2 c6 8. d4 exd4 9. Nxd4 Bf8 10. 0-0 Na6 11. e4 Nc5 12. Re1 d6 13. h3 a4 14. Kh2 Nfd7 15. f4 Nb6 16. Bf1 Ne6 17. Be3 Nxd4 18. Qxd4 c5 19. Qd3 Be6 20. Nd5 Nxd5 21. cxd5 Bd7 22. Bd2 f6 23. Bc3 g6 24. e5 fxe5 25. fxe5 dxe5 26. d6 Bf5 27. Qd5+ Kh8 28. Rxe5 Rxe5 29. Qxe5+ 1-0

[Event "Hessenliga 0708"]
[Site "Germany"]
[Date "2008.02.10"]
[Round "6.3"]
[White "Dahlheimer, Bernd"]
[Black "Henzner, Reiner"]
[Result "1-0"]
[WhiteElo "2204"]
[BlackElo "2103"]
[PlyCount "83"]
[EventDate "2007.09.30"]
[EventType "team"]
[EventRounds "9"]
[EventCountry "GER"]
[SourceTitle "EXT 2009"]
[Source "ChessBase"]
[SourceDate "2008.11.26"]
[SourceVersion "1"]
[SourceVersionDate "2008.11.26"]
[SourceQuality "1"]
[WhiteTeam "Dettingen"]
[BlackTeam "Oberursel II"]
[WhiteTeamCountry "GER"]
[BlackTeamCountry "GER"]

1. c4 e5 2. Nc3 Nf6 3. g3 Bb4 4. Bg2 0-0 5. Nf3 Re8 6. 0-0 c6 7. d4 exd4 8. Qxd4 Qb6 9. Na4 Qxd4 10. Nxd4 d5 11. a3 Ba5 12. b4 Bc7 13. cxd5 Nxd5 14. Bb2 Nb6 15. Nxb6 Bxb6 16. e3 Bxd4 17. Bxd4 Bf5 18. e4 Be6 19. Rfc1 Rd8 20. Be3 Bb3 21. a4 a6 22. Rc3 Be6 23. f4 f6 24. Rb1 Nd7 25. Rd1 Nf8 26. Rcd3 Rxd3 27. Rxd3 a5 28. bxa5 Rxa5 29. Rd8 Bc4 30. Bb6 Rxa4 31. Bc5 Ra1+ 32. Kf2 Ra2+ 33. Kf3 g5 34. Rxf8+ Kg7 35. fxg5 fxg5 36. g4 Rc2 37. Rf5 h6 38. Bd4+ Kg8 39. Kg3 Be2 40. Bf3 Bf1 41. e5 Bc4 42. Rf6 1-0

[Event "Hessenliga 0708"]
[Site "Germany"]
[Date "2007.12.16"]
[Round "4.5"]
[White "Henzner, Reiner"]
[Black "Schwenkreis, Thomas"]
[Result "0-1"]
[WhiteElo "2103"]
[BlackElo "2058"]
[PlyCount "112"]
[EventDate "2007.09.30"]
[EventType "team"]
[EventRounds "9"]
[EventCountry "GER"]
[SourceTitle "EXT 2009"]
[Source "ChessBase"]
[SourceDate "2008.11.26"]
[SourceVersion "1"]
[SourceVersionDate "2008.11.26"]
[SourceQuality "1"]
[WhiteTeam "Oberursel II"]
[BlackTeam "Frankfurt BvK II"]
[WhiteTeamCountry "GER"]
[BlackTeamCountry "GER"]

1. e4 e5 2. Nf3 Nc6 3. Bb5 a6 4. Ba4 Nf6 5. Nc3 d6 6. Bxc6+ bxc6 7. d4 exd4 8. Nxd4 Bb7 9. 0-0 Nd7 10. Nce2 g6 11. Nb3 c5 12. Na5 Bc8 13. Nc3 Nb6 14. Qf3 Bg7 15. e5 0-0 16. Ne4 dxe5 17. Rd1 Qe7 18. Be3 f5 19. Bxc5 fxe4 20. Qxf8+ Qxf8 21. Bxf8 Bxf8 22. Rd8 Bf5 23. Rxa8 Nxa8 24. Nc4 Nb6 25. Ne3 Be6 26. b3 Bc5 27. c4 Kf7 28. Kf1 a5 29. Ke2 Ke7 30. h3 a4 31. Rc1 Kd6 32. Rd1+ Bd4 33. Nc2 c5 34. Ne3 Kc6 35. Rc1 Kb7 36. Nf1 Nc8 37. Ne3 a3 38. Nc2 Bb2 39. Rd1 Kc7 40. Rf1 Nd6 41. Ne3 Nf5 42. Nxf5 gxf5 43. f3 exf3+ 44. gxf3 Bf7 45. Rg1 Bg6 46. Kd2 f4 47. Rg5 Kd6 48. h4 Bb1 49. h5 Bd4 50. Rg4 Bf5 51. Rh4 Be3+ 52. Kd1 e4 53. Ke2 Ke5 54. h6 exf3+ 55. Kxf3 Be4+ 56. Ke2 Kd4 0-1

[Event "Frankfurt-ch"]
[Site "Frankfurt"]
[Date "2007.04.30"]
[Round "1"]
[White "Henzner, Reiner"]
[Black "Arnold, Michael"]
[Result "1-0"]
[WhiteElo "2111"]
[BlackElo "1614"]
[PlyCount "77"]
[EventDate "2007.04.30"]
[EventType "swiss"]
[EventRounds "7"]
[EventCountry "GER"]
[SourceTitle "EXT 2008"]
[Source "ChessBase"]
[SourceDate "2007.11.25"]
[SourceVersion "1"]
[SourceVersionDate "2007.11.25"]
[SourceQuality "1"]

1. e4 d5 2. Nc3 e6 3. Nf3 dxe4 4. Nxe4 Nf6 5. Nxf6+ Qxf6 6. d4 Bd6 7. Bg5 Qg6 8. Bd3 Qh5 9. h3 f6 10. g4 Qf7 11. Be3 Nc6 12. c3 Bd7 13. Qc2 g6 14. 0-0-0 0-0-0 15. Nd2 e5 16. Bc4 Be6 17. Qb3 Bxc4 18. Nxc4 Kb8 19. d5 Ne7 20. Na5 b6 21. Qb5 Kc8 22. Nc6 Rdf8 23. Nxa7+ Kb7 24. Nc6 Ra8 25. Nxe7 Qxe7 26. Qc6+ Kb8 27. Kb1 Ra6 28. Rd3 Ka7 29. Rc1 Ra8 30. b3 Kb8 31. a4 f5 32. gxf5 gxf5 33. Rg1 Ka7 34. Bh6 e4 35. Rg7 Qe5 36. Rdg3 Rc8 37. Rg8 e3 38. Rxc8 Qe4+ 39. Kb2 1-0

[Event "Oberliga Ost-B 0607"]
[Site "Germany"]
[Date "2007.02.24"]
[Round "6.8"]
[White "Henzner, Reiner"]
[Black "Mueller Ludwig, Kristin"]
[Result "1/2-1/2"]
[WhiteElo "2114"]
[BlackElo "2077"]
[PlyCount "41"]
[EventDate "2006.10.15"]
[EventType "team-tourn"]
[EventRounds "11"]
[EventCountry "GER"]
[SourceTitle "EXT 2008"]
[Source "ChessBase"]
[SourceDate "2007.11.25"]
[SourceVersion "1"]
[SourceVersionDate "2007.11.25"]
[SourceQuality "1"]
[WhiteTeam "Oberursel"]
[BlackTeam "Erfurt Medizin"]
[WhiteTeamCountry "GER"]
[BlackTeamCountry "GER"]

1. e4 e6 2. d4 d5 3. exd5 exd5 4. Bd3 Bd6 5. Qf3 Nc6 6. c3 Be6 7. Ne2 Qf6 8. Qxf6 Nxf6 9. Bf4 0-0-0 10. 0-0 h6 11. Nd2 Rhe8 12. Rae1 Nh5 13. Bxd6 Rxd6 14. h3 Bd7 15. g4 Nf6 16. Nf4 Nd8 17. Rxe8 Nxe8 18. Re1 Ne6 19. Nxe6 Rxe6 20. Re5 c6 21. Bf5 1/2-1/2

[Event "Hessen-chB"]
[Site "Marburg"]
[Date "2006.04.13"]
[Round "2.7"]
[White "Henninger, Sascha"]
[Black "Henzner, Reiner"]
[Result "1/2-1/2"]
[WhiteElo "1805"]
[BlackElo "2098"]
[PlyCount "73"]
[EventDate "2006.04.13"]
[EventType "swiss"]
[EventRounds "7"]
[EventCountry "GER"]
[SourceTitle "EXT 2007"]
[Source "ChessBase"]
[SourceDate "2006.11.23"]
[SourceVersion "1"]
[SourceVersionDate "2006.11.23"]
[SourceQuality "1"]

1. c4 Nf6 2. Nc3 e5 3. Nf3 Nc6 4. g3 Bb4 5. Bg2 0-0 6. 0-0 Re8 7. d3 h6 8. Bd2 a5 9. Nh4 Bf8 10. Ne4 Nd4 11. e3 Ne6 12. Bc3 Nxe4 13. dxe4 Nc5 14. a3 a4 15. Qe2 g6 16. f4 Bg7 17. f5 g5 18. f6 gxh4 19. fxg7 Ra6 20. Qh5 Rg6 21. Bxe5 d6 22. Rxf7 Qg5 23. Rf8+ Rxf8 24. gxf8Q+ Kxf8 25. Qf3+ Kg8 26. Bc3 Qg4 27. Qxg4 Bxg4 28. e5 hxg3 29. hxg3 Be6 30. exd6 cxd6 31. Kh2 Bxc4 32. Rd1 b5 33. Bb4 Nd3 34. Bd5+ Bxd5 35. Rxd3 Bc4 36. Rxd6 Rxd6 37. Bxd6 1/2-1/2

[Event "Frankfurt-ch"]
[Site "Frankfurt"]
[Date "2005.05.09"]
[Round "3"]
[White "Ortmann, David"]
[Black "Henzner, Reiner"]
[Result "1/2-1/2"]
[WhiteElo "2279"]
[BlackElo "1976"]
[PlyCount "97"]
[EventDate "2005.04.25"]
[EventType "swiss"]
[EventRounds "7"]
[EventCountry "GER"]
[SourceTitle "EXT 2006"]
[Source "ChessBase"]
[SourceDate "2005.11.24"]
[SourceVersion "1"]
[SourceVersionDate "2005.11.24"]
[SourceQuality "1"]

1. Nf3 Nf6 2. c4 e6 3. g3 b6 4. Bg2 Bb7 5. 0-0 Be7 6. Nc3 0-0 7. Re1 d5 8. cxd5 Nxd5 9. e4 Nxc3 10. bxc3 c5 11. d4 cxd4 12. cxd4 Bb4 13. Re3 Nc6 14. h4 Rc8 15. h5 h6 16. Rb1 Be7 17. Bb2 Na5 18. Ba1 Rc4 19. Ne5 Rb4 20. Rc1 b5 21. Qe2 a6 22. d5 Nc4 23. Nxc4 bxc4 24. dxe6 Bc5 25. Qg4 Qg5 26. Qxg5 hxg5 27. exf7+ Rxf7 28. Rf3 Rd7 29. Rf5 Rb5 30. Bc3 Kh7 31. a4 Ba3 32. axb5 Bxc1 33. bxa6 Bxa6 34. Rd5 Re7 35. Rd6 Bb5 36. e5 Ba3 37. Be4+ Kg8 38. Rd8+ Re8 39. Rxe8+ Bxe8 40. Bd5+ Bf7 41. e6 Bxh5 42. g4 Be8 43. Bxc4 Bc6 44. Bd2 Be7 45. Kf1 Kf8 46. Ke2 Bf6 47. Ke3 Be5 48. Bb4+ Ke8 49. Bd3 1/2-1/2

[Event "Hessen-ch VMT"]
[Site "Willingen"]
[Date "2001.04.09"]
[Round "6"]
[White "Czech, Ludwig"]
[Black "Henzner, Reiner"]
[Result "1/2-1/2"]
[WhiteElo "2162"]
[BlackElo "2103"]
[PlyCount "28"]
[EventDate "2001.04.11"]
[EventType "swiss"]
[EventRounds "11"]
[EventCountry "GER"]
[SourceTitle "EXT 2002"]
[Source "ChessBase"]
[SourceDate "2001.11.25"]
[SourceVersion "1"]
[SourceVersionDate "2001.11.25"]
[SourceQuality "1"]

1. c4 Nf6 2. g3 d5 3. cxd5 Nxd5 4. Bg2 Nc6 5. Nc3 Nb6 6. d3 e5 7. Nf3 Be7 8. 0-0 0-0 9. Be3 Re8 10. Qd2 Bf8 11. Rac1 f6 12. Rfd1 Be6 13. Ne1 Qd7 14. f3 Rad8 1/2-1/2

[Event "Bayern-chI Bank Hofmann 4th"]
[Site "Bad Wiessee"]
[Date "2000.11.01"]
[Round "5"]
[White "Henzner, Reiner"]
[Black "Stimpel, Franz"]
[Result "1/2-1/2"]
[WhiteElo "2115"]
[BlackElo "2245"]
[PlyCount "96"]
[EventDate "2000.10.28"]
[EventType "swiss"]
[EventRounds "9"]
[EventCountry "GER"]
[SourceTitle "EXT 2003"]
[Source "ChessBase"]
[SourceDate "2002.11.25"]
[SourceVersion "1"]
[SourceVersionDate "2002.11.25"]
[SourceQuality "1"]

1. d4 Nf6 2. Nf3 d6 3. g3 g6 4. Bg2 Bg7 5. 0-0 0-0 6. Re1 Nbd7 7. b3 e5 8. dxe5 Ng4 9. Bb2 Ngxe5 10. Nxe5 Nxe5 11. c3 Rb8 12. Nd2 Bg4 13. Nf1 Qd7 14. Ne3 Bh3 15. Bh1 Rfe8 16. Nd5 Qd8 17. Qd2 Bd7 18. Rad1 c6 19. Nf4 d5 20. c4 g5 21. Bxe5 Bxe5 22. Nd3 Bg7 23. cxd5 cxd5 24. Bxd5 Bb5 25. e4 Bxd3 26. Qxd3 Qe7 27. Qf3 Qf6 28. Qxf6 Bxf6 29. f4 b6 30. e5 Be7 31. a4 Kg7 32. Bc4 Red8 33. Kg2 Rxd1 34. Rxd1 Rd8 35. Rxd8 Bxd8 36. Kf3 gxf4 37. gxf4 Be7 38. Ba6 f6 39. Ke4 fxe5 40. fxe5 Bc5 41. Kd5 Kf7 42. h3 Ke7 43. Bd3 h6 44. a5 Bb4 45. a6 Bc3 46. Bb5 Bb2 47. Bd3 Bc3 48. Bf5 Bb2 1/2-1/2

[Event "Hessen-chB "]
[Site "Frankfurt"]
[Date "2000.04.22"]
[Round "11"]
[White "Boehle, Reinhard"]
[Black "Henzner, Reiner"]
[Result "1-0"]
[WhiteElo "2130"]
[BlackElo "2138"]
[PlyCount "101"]
[EventDate "2000.04.13"]
[EventType "swiss"]
[EventRounds "11"]
[EventCountry "GER"]
[SourceTitle "EXT 2001"]
[Source "ChessBase"]
[SourceDate "2000.11.22"]
[SourceVersion "1"]
[SourceVersionDate "2000.11.22"]
[SourceQuality "1"]

1. e4 c6 2. d4 d5 3. Nc3 dxe4 4. Nxe4 Nf6 5. Ng5 Bf5 6. Bd3 Bxd3 7. Qxd3 e6 8. Ne2 h6 9. Nf3 Qa5+ 10. Bd2 Qa6 11. Ne5 Qxd3 12. Nxd3 Nd5 13. 0-0 Nd7 14. Ne5 Nxe5 15. dxe5 0-0-0 16. a3 Be7 17. Rac1 Nb6 18. Bf4 Nc4 19. b3 Nxa3 20. Ra1 g5 21. Bc1 Nxc2 22. Rxa7 Kb8 23. Ra2 Nb4 24. Ra1 Nd3 25. Be3 Kc7 26. f4 gxf4 27. Nxf4 Nxe5 28. Ne2 Bg5 29. Bf2 f5 30. h4 Bf6 31. Bg3 Rhg8 32. Bf4 Kb6 33. Nc3 Rd3 34. Na4+ Kb5 35. Rac1 Rxb3 36. Nc5 Rb2 37. g3 Bxh4 38. Bxe5 Bxg3 39. Bxb2 Bd6+ 40. Kf2 Bxc5+ 41. Kf3 Bb4 42. Rg1 Rd8 43. Rcd1 Ra8 44. Rg6 Ra2 45. Rb1 c5 46. Rxh6 Ra6 47. Rh7 Kc6 48. Re7 Ra2 49. Rxe6+ Kd5 50. Rb6 Ra7 51. Bc1 1-0

[Event "Hessen-chB "]
[Site "Frankfurt"]
[Date "2000.04.15"]
[Round "4"]
[White "Henzner, Reiner"]
[Black "Schlesinger, Omri"]
[Result "1-0"]
[WhiteElo "2138"]
[BlackElo "2250"]
[PlyCount "81"]
[EventDate "2000.04.13"]
[EventType "swiss"]
[EventRounds "11"]
[EventCountry "GER"]
[SourceTitle "EXT 2001"]
[Source "ChessBase"]
[SourceDate "2000.11.22"]
[SourceVersion "1"]
[SourceVersionDate "2000.11.22"]
[SourceQuality "1"]

1. d4 Nf6 2. Nf3 c5 3. e3 cxd4 4. exd4 d5 5. Bd3 Bg4 6. 0-0 e6 7. h3 Bh5 8. Re1 Nc6 9. c3 Bd6 10. Nbd2 0-0 11. g4 Bg6 12. Bxg6 hxg6 13. Ne5 Qc7 14. Qe2 Bxe5 15. dxe5 Nd7 16. Nf3 Rac8 17. Bf4 Na5 18. Rac1 Qc4 19. Qe3 Nc6 20. b3 Qc5 21. Qd3 a6 22. h4 Qa5 23. Ng5 Rfd8 24. h5 Nf8 25. Qh3 Ne7 26. h6 gxh6 27. Qxh6 Rxc3 28. Rxc3 Qxc3 29. Re3 Qc1+ 30. Kg2 Qd1 31. Rh3 Qxg4+ 32. Kh1 Qxh3+ 33. Nxh3 Nf5 34. Qg5 Rd7 35. Qg1 Rc7 36. Bg5 Rc3 37. Qh2 d4 38. Bf6 Rc1+ 39. Kg2 g5 40. Nxg5 Ne3+ 41. Kf3 1-0

[Event "Bayern-chI Bank Hofmann 3rd"]
[Site "Bad Wiessee"]
[Date "1999.10.24"]
[Round "2"]
[White "Kalinitschew, Sergey"]
[Black "Henzner, Reiner"]
[Result "1-0"]
[WhiteElo "2524"]
[BlackElo "2146"]
[PlyCount "65"]
[EventDate "1999.10.23"]
[EventType "swiss"]
[EventRounds "9"]
[EventCountry "GER"]
[SourceTitle "EXT 2001"]
[Source "ChessBase"]
[SourceDate "2000.11.22"]
[SourceVersion "1"]
[SourceVersionDate "2000.11.22"]
[SourceQuality "1"]

1. d4 Nf6 2. Nf3 g6 3. c4 Bg7 4. g3 0-0 5. Bg2 c6 6. 0-0 d5 7. b3 Ne4 8. Bb2 Nd7 9. e3 Ndf6 10. Ne5 Be6 11. Qe2 Qa5 12. f3 Nd6 13. Rc1 dxc4 14. bxc4 Nd7 15. Nxd7 Bxd7 16. Nd2 Rae8 17. c5 Qb5 18. Qxb5 Nxb5 19. Nc4 Nc7 20. Rab1 Be6 21. Ba1 Nb5 22. Rb3 Rd8 23. a4 a6 24. Rb4 Nxd4 25. exd4 Bxd4+ 26. Bxd4 Rxd4 27. Bf1 Rfd8 28. Rxb7 Bxc4 29. Bxc4 Rd1+ 30. Rxd1 Rxd1+ 31. Kf2 Rd4 32. Bxa6 Rxa4 33. Rb6 1-0

[Event "Hessen-ch op"]
[Site "Baunatal"]
[Date "1999.03.30"]
[Round "7"]
[White "Petri, Klaus"]
[Black "Henzner, Reiner"]
[Result "1-0"]
[WhiteElo "2190"]
[BlackElo "2140"]
[PlyCount "39"]
[EventDate "1999.03.25"]
[EventType "swiss"]
[EventRounds "11"]
[EventCountry "GER"]
[SourceTitle "EXT 2000"]
[Source "ChessBase"]
[SourceDate "1999.11.16"]
[SourceVersion "1"]
[SourceVersionDate "1999.11.16"]
[SourceQuality "1"]

1. d4 Nf6 2. c4 g6 3. Nc3 d5 4. Nf3 Bg7 5. Qb3 dxc4 6. Qxc4 0-0 7. e4 a6 8. e5 b5 9. Qb3 Nfd7 10. e6 fxe6 11. Be3 Nb6 12. h4 Rxf3 13. gxf3 Qf8 14. Be2 Nc6 15. Rd1 Na5 16. Qc2 Qf5 17. Bd3 Qh5 18. Be4 c6 19. Ne2 Nd5 20. Bg5 1-0

[Event "Hessen-ch op"]
[Site "Baunatal"]
[Date "1999.03.29"]
[Round "6"]
[White "Henzner, Reiner"]
[Black "Lange, Klaus"]
[Result "0-1"]
[WhiteElo "2140"]
[BlackElo "2188"]
[PlyCount "84"]
[EventDate "1999.03.25"]
[EventType "swiss"]
[EventRounds "11"]
[EventCountry "GER"]
[SourceTitle "EXT 2000"]
[Source "ChessBase"]
[SourceDate "1999.11.16"]
[SourceVersion "1"]
[SourceVersionDate "1999.11.16"]
[SourceQuality "1"]

1. e4 c6 2. d4 d5 3. Nc3 dxe4 4. Nxe4 Nd7 5. f4 Ngf6 6. Nf2 e6 7. Nf3 c5 8. c3 Qc7 9. Be2 Be7 10. 0-0 b6 11. Ne5 Bb7 12. Nfd3 0-0 13. Bf3 Rac8 14. Bd2 Ne4 15. Nxd7 Qxd7 16. Ne5 Qc7 17. Be3 Rfd8 18. Qe2 Nf6 19. Bxb7 Qxb7 20. dxc5 Bxc5 21. Bxc5 Rxc5 22. c4 h6 23. Rad1 Rcc8 24. Rxd8+ Rxd8 25. Rd1 Rxd1+ 26. Qxd1 Qe7 27. Qd4 Qb4 28. Kf2 Qa4 29. Qd8+ Kh7 30. Qd3+ Kg8 31. Qd8+ Kh7 32. Qd3+ Kg8 33. a3 b5 34. Qd8+ Kh7 35. Qd3+ Kg8 36. g3 bxc4 37. Qxc4 Qd1 38. Qe2 Qh1 39. Ke3 Qe4+ 40. Kf2 Qd4+ 41. Kg2 Nd5 42. Nc4 Qxc4 0-1

[Event "Hessen-ch op"]
[Site "Baunatal"]
[Date "1999.03.27"]
[Round "4"]
[White "Henzner, Reiner"]
[Black "Schnabel, Michael"]
[Result "1-0"]
[WhiteElo "2140"]
[BlackElo "2105"]
[PlyCount "97"]
[EventDate "1999.03.25"]
[EventType "swiss"]
[EventRounds "11"]
[EventCountry "GER"]
[SourceTitle "EXT 2000"]
[Source "ChessBase"]
[SourceDate "1999.11.16"]
[SourceVersion "1"]
[SourceVersionDate "1999.11.16"]
[SourceQuality "1"]

1. e4 c5 2. Nf3 Nc6 3. Bb5 g6 4. 0-0 Bg7 5. c3 e6 6. Re1 Nge7 7. d3 0-0 8. Nbd2 d5 9. Qe2 a6 10. Bxc6 Nxc6 11. Nf1 b5 12. e5 Bb7 13. Bg5 Qd7 14. h3 d4 15. N1h2 h6 16. Bf6 Ne7 17. cxd4 cxd4 18. Bxe7 Qxe7 19. Nxd4 Rad8 20. Qe3 Qd7 21. Nb3 Qd5 22. Nf3 Rc8 23. Rac1 Ba8 24. d4 Rfd8 25. Red1 Bf8 26. Ne1 Kg7 27. f3 Be7 28. Nd3 Qd7 29. Ndc5 Qd5 30. Ne4 Rc4 31. Rxc4 bxc4 32. Nbc5 Qc6 33. Rd2 Qb5 34. Nd6 Bg5 35. f4 Rxd6 36. exd6 Bf6 37. d7 Qc6 38. Qf3 Qxf3 39. gxf3 Bc6 40. Kf2 a5 41. Ke3 a4 42. Rc2 Bb5 43. Rc3 Kf8 44. Ne4 Be7 45. Nd6 Bxd7 46. Nxc4 Bb4 47. Rc1 Ke7 48. Ne5 Be8 49. Nc6+ 1-0